La carrière de Javier Mascherano - Statistiques

Statistiques générales
  • Ce quiz a été pris 16 fois
  • Le résultat moyen est 3 sur 8
Statistiques - réponses
Année Match Club % Correct
2010 - 2018 333 FC Barcelone
94%
2003 - 2005 71 River Plate
56%
-> 2007 - 2008 52 Liverpool FC
31%
2006 - 2008 7 West Ham United
31%
2008 - 2010 87 Liverpool FC
25%
2020 11 Estudiantes
6%
2018 - 2019 54 Hebei China Fortune
6%
2005 - 2006 33 SC Corinthians
0%
Aucun quiz correspondant
Distribution des résultats
% des personnes avec chaque résultat
Percentile par nombre de réponses
Votre historique - résultats
Vous n’avez pas pris ce quiz